|
|
|
|
| LEADER |
00000cam a22000004a 4500 |
| 001 |
musev2_78740 |
| 003 |
MdBmJHUP |
| 005 |
20230905052124.0 |
| 006 |
m o d |
| 007 |
cr||||||||nn|n |
| 008 |
200603s2020 nyu o 00 0 eng d |
| 010 |
|
|
|z 2020025267
|
| 020 |
|
|
|a 9780815655152
|
| 020 |
|
|
|z 9780815611264
|
| 035 |
|
|
|a (OCoLC)1157578420
|
| 040 |
|
|
|a MdBmJHUP
|c MdBmJHUP
|
| 043 |
|
|
|a n-us---
|
| 050 |
0 |
4 |
|a PS3606.A7378
|b R48 2020
|
| 082 |
0 |
|
|a 813/.6
|2 23
|
| 100 |
1 |
|
|a Farria, Dewaine,
|e author.
|
| 245 |
1 |
0 |
|a Revolutions of All Colors :
|b A Novel /
|c Dewaine Farria.
|
| 250 |
|
|
|a First edition.
|
| 264 |
|
1 |
|a Syracuse, New York :
|b Syracuse University Press,
|c 2020.
|
| 264 |
|
3 |
|a Baltimore, Md. :
|b Project MUSE,
|c 2020
|
| 264 |
|
4 |
|c ©2020.
|
| 300 |
|
|
|a 1 online resource.
|
| 336 |
|
|
|a text
|b txt
|2 rdacontent
|
| 337 |
|
|
|a computer
|b c
|2 rdamedia
|
| 338 |
|
|
|a online resource
|b cr
|2 rdacarrier
|
| 520 |
|
|
|a ""Revolutions of All Colors" is a novel that follows the lives of three black Americans as they confront the uniquely American dilemma of cobbling together an identity in a country still struggling to define itself. Farria stitches together myriad points of view and overlapping time-frames to tell a story of evolving masculinity and friendship in the midst of racial and sexual politics, fatherhood, and war"--
|c Provided by publisher.
|
| 588 |
|
|
|a Description based on print version record.
|
| 650 |
|
0 |
|a Blacks
|x Race identity
|v Fiction.
|
| 650 |
|
0 |
|a African Americans
|v Fiction.
|
| 651 |
|
0 |
|a United States
|x Social conditions
|v Fiction.
|
| 655 |
|
7 |
|a Electronic books.
|2 local
|
| 776 |
1 |
8 |
|i Online version:
|a Farria, Dewaine,
|t Revolutions of all colors
|b First edition.
|d Syracuse, New York : Syracuse University Press, 2020.
|z 9780815655152
|w (DLC) 2020025268
|
| 710 |
2 |
|
|a Project Muse.
|e distributor
|
| 830 |
|
0 |
|a Book collections on Project MUSE.
|
| 856 |
4 |
0 |
|z Texto completo
|u https://projectmuse.uam.elogim.com/book/78740/
|
| 945 |
|
|
|a Project MUSE - Custom Collection
|
| 945 |
|
|
|a Project MUSE - 2020 Complete
|
| 945 |
|
|
|a Project MUSE - 2020 Global Cultural Studies
|